000 00662nam a22002057a 4500
999 _c180536
_d180536
005 20210811114740.0
010 _aENG-129725
020 _c995.00
_a978-01-99489-04-6
035 _aEN-113257
037 _bDBAD/PUB
082 _a950
245 _aBridging east &west:
_bRabindranath Tagore and Romain Rolland correspondence(1919-1940)/
_cedited by Chinmoy Guha
250 _a2018
260 _bOxford University press
_c2018
_aNew Delhi
270 _a2/11 Ground floor,Ansari Road,Daryaganj
_bNew Delhi
_e110002
300 _aIxxi;162p.
_c28cm (hbk)
500 _aincluding Index
700 _aGuha,Chinmoy
942 _2ddc
_cEN
_h950
_kGUH